Kontury państw Afrykańskich (Bardzo Trudne +) - Statystyki

Ogólne statystyki
  • Ten quiz został rozwiązany 62 razy
    26 od ostatniego zresetowania
  • Średni wynik to 33 z 67
Statystyki odpowiedzi
Obrazkowy Hint Odpowiedź % Poprawnych
Egipt
76%
Mozambik
76%
Erytrea
71%
Senegal
71%
Somalia
71%
Togo
71%
Wyspy Pelagijskie Włochy
71%
Algieria
67%
Angola
67%
Czad
67%
Etiopia
67%
Gambia
67%
Kamerun
67%
Libia
67%
Mali
67%
Mauretania
67%
Republika Południowej Afryki
67%
Benin
62%
Burkina Faso
62%
Madagaskar
62%
Malawi
62%
Namibia
62%
Republika Środkowoafrykańska
62%
Republika Zielonego Przylądka
62%
Tunezja
62%
Demokratyczna Republika Konga
57%
Komory
57%
Liberia
57%
Maroko
57%
Niger
57%
Madera Portugalia
57%
Wybrzeże Kości Słoniowej
57%
Zambia
57%
Gabon
52%
Ghana
52%
Gwinea Bissau
52%
Wyspy Kanaryjskie Hiszpania
52%
Kongo
52%
Lesotho
52%
Sudan
52%
Burundi
48%
Gwinea
48%
Gwinea Równikowa
48%
Sokotra Jemen
48%
Nigeria
48%
Sahara Zachodnia
48%
Sudan Południowy
48%
Tanzania
48%
Botswana
43%
Sierra Leone
43%
Zimbabwe
43%
Kenia
38%
Dżibuti
33%
Eswatini
33%
Uganda
33%
Rwanda
29%
Seszele
29%
Mauritius
24%
Somaliland
14%
Wyspy Świętego Tomasza i Książęca
14%
Reunion
10%
Zanzibar
10%
Francuskie Terytoria Południowe i Antarktyczne
5%
Majotta
5%
Tristan da Cunha
5%
Wyspa Świętej Heleny
5%
Wyspa Wniebowstąpienia
5%
Nie znaleziono quizów pasujących do podanych kryteriów
Rozkład punktacji
Procent ludzi z każdym wynikiem
Percentyl według liczby udzielonych odpowiedzi
Twoja historia wyników
Nie rozwiązałeś tego quizu od ostatniego zresetowania